Tilastot visalle Soitetuimmat kappaleet - suomirap

Klikkaa tästä pelataksesi tätä visaa!

Yleistilastot

  • Tätä visaa on pelattu 66 kertaa
  • Keskiarvotulos 13 / 40

Vastaustilastot

% Oikein
CheekTimantit on ikuisia
91%
KäärijäCha cha cha
85%
JVGIkuinen vappu
79%
Sini SabotageLevikset repee
62%
GettomasaShamppanjadieetillä
55%
Musta BarbaariSalil eka salil vika
53%
Pikku GSolmussa
53%
GasellitImus
51%
PyhimysJättiläinen
49%
WilliamPenelope
49%
Teflon BrothersHubba Bubba
47%
SpektiMacho Fantastico
47%
EttaXTC
47%
Sexmane40K
45%
Portion BoysKarjala takas
40%
IbeSamma gamla vanliga
40%
AsteMonaco
34%
Kube100
32%
Keko SalataTavallinen
28%
Nikke AnkaraRikkinäinen prinsessa
26%
MKDMSKSurullinen klovni
23%
Mikael GabrielÄlä herätä mua unesta
21%
Isaac SeneKuuma jäbä
21%
CledosSamma gamla vanliga
21%
MouhousÄänii
19%
PalefaceHelsinki-Shangri-La
19%
Lukas LeonXTC
19%
BrädiLämpöö
15%
T SwoopMon Ami
15%
TippaSatutat mua
15%
FabeTähti
15%
RedramaClouds
13%
ElastinenEpäröimättä hetkeekään
13%
YeboyahMinä liityin sinuun
13%
CosteeYli susta
13%
UniikkiPojat on poikii
6%
DilemmaSiunauksii
6%
KapasiteettiyksikköPakko saada sut
4%
EzkimoIlman sua
2%
Paperi TJeesei
2%

Tulosjakauma

Persentiili vastausten määrän mukaan

Jokaisen tuloksen saaneiden osuus

Tuloshistoriasi

Et ole pelannut tätä visaa